| 000 | 01580nam a2200397 i 4500 | ||
|---|---|---|---|
| 999 |
_c65406 _d65406 |
||
| 001 | 768714001 | ||
| 003 | CO-MdFUSB | ||
| 005 | 20200314085804.0 | ||
| 007 | ta | ||
| 008 | 200226t1997 mx |||| |||| 00| 0 spa d | ||
| 020 | _a9706520023 | ||
| 040 |
_aCO-MdFUSB _bspa _cCO-MdFUSB _dCO-MdFUSBC _erda |
||
| 041 |
_aspa _hpor |
||
| 082 |
_223 _a224.07 _bL471l |
||
| 240 | _aA leitura profética da historia | ||
| 245 | 0 | 3 |
_aLa lectura profética de la historia _c/ editado por Carlos Mesters , equipo de la CRB ; traducido por José María Hernández |
| 264 | 1 |
_aMéxico : _bEdiciones Dabar, _c[1997] |
|
| 264 | 4 | _c© 1997 | |
| 300 |
_a288 páginas _c; 21 cm |
||
| 336 |
_2rdacontent _atexto _btxt |
||
| 337 |
_2rdamedia _asin mediación _bn |
||
| 338 |
_2rdacarrier _avolumen _bnc |
||
| 490 | _aTu Palabra es Vida | ||
| 504 | _aIncluye referencias bibliográficas (páginas 287-288) | ||
| 505 | _aLa profecía en los libros históricos: De Samuel a Elías. Del 10 al 800 a.C. -- De Elías al destierro. Del 800 al 600 a.C. -- Los profetas del destierro. Deñ 609 al 538 a.C. -- La profecía después del destierro. Del 538 al 175 a.C. -- La profecía en el umbral del Nuevo Testamento. Del año 175 hasta el nacimiento de Jesús. | ||
| 563 | _aRústico | ||
| 630 | 0 | 7 |
_aBiblia. _pProfetas |
| 650 | 0 |
_916 _aBiblia |
|
| 650 | 7 |
_9527 _aCrítica literaria |
|
| 653 | _aProfecías | ||
| 700 |
_92934 _a Mesters, Carlos. _eeditor |
||
| 700 |
_92936 _aHernández, José María. _etraductor |
||
| 710 |
_92935 _aEquipo de la CRB |
||
| 942 | _cBK | ||
| 945 | _aJTF-925 | ||